| Tag |
First Indicator |
Second Indicator |
Subfields |
| LEADER |
00000cam a2200000 a 4500 |
| 001 |
in00000080124 |
| 005 |
20151008055326.0 |
| 008 |
791107s1979 caua b 10000 eng d |
| 020 |
|
|
|a 0273084372
|
| 035 |
|
|
|a (OCoLC)05659471
|
| 035 |
|
|
|9 AAJ3162AM
|
| 040 |
|
|
|a AZU
|c AZU
|d m.c.
|d TXA
|d UtOrBLW
|
| 049 |
|
|
|a TXAM
|c [1407019]
|
| 090 |
|
|
|a QC20.7.A5
|b C6 1979
|
| 245 |
0 |
0 |
|a Complex manifold techniques in theoretical physics /
|c D.E. Lerner & P.D. Sommers (editors).
|
| 264 |
|
1 |
|a San Francisco :
|b Pitman Advanced Publishing Program,
|c [1979]
|
| 264 |
|
4 |
|c ©1979
|
| 300 |
|
|
|a 242 pages :
|b illustrations ;
|c 25 cm.
|
| 336 |
|
|
|a text
|b txt
|2 rdacontent
|
| 337 |
|
|
|a unmediated
|b n
|2 rdamedia
|
| 338 |
|
|
|a volume
|b nc
|2 rdacarrier
|
| 490 |
1 |
|
|a Research notes in mathematics ;
|v 32
|
| 500 |
|
|
|a "Based on talks presented at a workshop ... held at Lawrence, Kansas from July 10 through July 15, 1978 ... supported by the National Science Foundation under the auspices of the Rocky Mountain Mathematics Consortium."
|
| 504 |
|
|
|a Includes bibliographical references.
|
| 650 |
|
0 |
|a Mathematical physics
|v Congresses.
|
| 650 |
|
0 |
|a Complex manifolds
|x Congresses.
|
| 700 |
1 |
|
|a Lerner, D. E.
|
| 700 |
1 |
|
|a Sommers, P. D.
|
| 710 |
2 |
|
|a National Science Foundation (U.S.)
|
| 710 |
2 |
|
|a Rocky Mountain Mathematics Consortium.
|
| 830 |
|
0 |
|a Research notes in mathematics ;
|v 32.
|
| 999 |
|
|
|a MARS
|
| 999 |
f |
f |
|s 2ed4b5c1-44c4-356a-a6b4-25da9cd95792
|i 023d9269-4818-3dc9-9c71-de4a7a46fa64
|t 0
|
| 952 |
f |
f |
|p ric
|a Texas A&M University
|b Rellis Campus
|c Joint Library Facility
|s JLF
|d Remote Storage
|t 0
|e QC20.7.A5 C6 1979
|h Library of Congress classification
|i unmediated -- volume
|m A14806207225
|
| 998 |
f |
f |
|a QC20.7.A5 C6 1979
|t 0
|l Remote Storage
|